| 000 | 00436nam a2200169Ia 4500 | ||
|---|---|---|---|
| 008 | 230711s9999||||xx |||||||||||||| ||und|| | ||
| 041 | _aENG | ||
| 082 |
_a720 _bTO-P |
||
| 100 | _aToth,Max | ||
| 245 | 0 | _aPiramid power: the secret energy of ancients revealed | |
| 250 | _a1st . Ed. | ||
| 260 |
_c1985 _aNew Delhi _bInner Tradition India Rochesterr |
||
| 300 | _a205 | ||
| 650 | _aArchitecture | ||
| 700 | _aNielsen,Greg | ||
| 942 | _cBK | ||
| 999 |
_c5303 _d5303 |
||